Periodic Table Symbols - Statistics

General Stats
  • This quiz has been taken 69 times
  • The average score is 56 of 88
Answer Stats
Symbol Name % Correct
C Carbon
100%
He Helium
100%
H Hydrogen
100%
N Nitrogen
100%
Si Silicon
100%
Be Beryllium
98%
B Boron
98%
Li Lithium
98%
O Oxygen
98%
Na Sodium
98%
Ar Argon
96%
Cl Chlorine
96%
Mg Magnesium
96%
Ne Neon
96%
K Potassium
96%
Al Aluminum
93%
Ca Calcium
93%
Zn Zinc
93%
Cu Copper
91%
F Fluorine
91%
Fe Iron
91%
Ag Silver
91%
Co Cobalt
89%
Ni Nickel
89%
Kr Krypton
87%
P Phosphorus
87%
S Sulfur
84%
Ti Titanium
84%
Br Bromine
82%
Ga Gallium
80%
Au Gold
80%
Sc Scandium
80%
Sn Tin
80%
Xe Xenon
80%
As Arsenic
78%
Mn Manganese
78%
Cr Chromium
76%
I Iodine
76%
Cd Cadmium
69%
Ge Germanium
69%
Rb Rubidium
69%
Pb Lead
67%
W Tungsten
67%
Y Yttrium
64%
Fr Francium
62%
Se Selenium
62%
V Vanadium
58%
Cs Cesium
56%
Rn Radon
56%
Zr Zirconium
56%
Ra Radium
53%
Ba Barium
51%
Hg Mercury
51%
Pd Palladium
51%
Sr Strontium
51%
In Indium
49%
Os Osmium
47%
Bi Bismuth
44%
Eu Europium
44%
Mo Molybdenum
44%
Pt Platinum
44%
At Astatine
40%
Ce Cerium
40%
Ir Iridium
40%
Po Polonium
40%
Tc Technetium
40%
Sb Antimony
38%
Hf Hafnium
38%
La Lanthanum
38%
Rh Rhodium
38%
Te Tellurium
38%
Tl Thallium
36%
Nb Niobium
33%
Pm Promethium
33%
Yb Ytterbium
33%
Dy Dysprosium
31%
Er Erbium
31%
Re Rhenium
31%
Sm Samarium
31%
Ta Tantalum
31%
Gd Gadolinium
29%
Ho Holmium
29%
Nd Neodymium
29%
Pr Praseodymium
29%
Tb Terbium
29%
Ru Ruthenium
27%
Lu Lutetium
24%
Tm Thulium
24%
No matching quizzes found
Score Distribution
Percent of People with Each Score
Percentile by Number Answered
Your Score History
You have not taken this quiz